| 000 | 00603nam a2200193 4500 | ||
|---|---|---|---|
| 001 | 137874 | ||
| 003 | ES-MaACL | ||
| 005 | 20230906195446.0 | ||
| 007 | t| | ||
| 008 | 070214s1972 sp r ||||1| spa d | ||
| 100 | 1 |
_aSaltiel, J. P. _9102040 |
|
| 245 | 1 | 3 |
_aLa EconomĂa segĂșn Mao / _cJ. P. Saltiel, M. Rampelberg, J. P. Rocquet ; prefacio de Hubert Roussellier. |
| 260 |
_aBarcelona : _bSagitario, _c1972. |
||
| 300 |
_a147 p. ; _c21 cm. |
||
| 700 | 1 |
_aRampelberg, M. _995368 |
|
| 700 | 1 |
_aRocquet, J. P. _998086 |
|
| 700 | 1 |
_aRoussellier, Hubert. _9100077 |
|
| 852 |
_aES-MaACL _jC-52062 _bR.85212 |
||
| 999 |
_c137874 _d137874 |
||